Regímenes monetarios alternativos en un modelo EDGE de una economía pequeña y abierta con precios y salarios pegajosos (Registro nro. 15033)

Detalles MARC
000 -LEADER
fixed length control field 00405 a2200109 4500
001 - CONTROL NUMBER
control field ART_6997
005 - DATE AND TIME OF LATEST TRANSACTION
control field 20260410161659.0
008 - FIXED-LENGTH DATA ELEMENTS--GENERAL INFORMATION
fixed length control field 260409a
100 1# - MAIN ENTRY--PERSONAL NAME
Personal name Escudé, Guillermo J.
245 10 - TITLE STATEMENT
Title Regímenes monetarios alternativos en un modelo EDGE de una economía pequeña y abierta con precios y salarios pegajosos
773 0# - HOST ITEM ENTRY
Title Ensayos Económicos
Related parts - Nº 49 (oct./dic. 2007)
Record control number REV620

No hay ítems disponibles.